|
|
|
|
| LEADER |
00919nam a2200217 a 4500 |
| 001 |
2799542 |
| 008 |
090604s1981 sz b i000 0 eng d |
| 010 |
|
|
|a 81217037
|
| 020 |
|
|
|a 9241541601 (pbk.) :
|c 3.00F
|
| 040 |
|
|
|a DLC
|c DLC
|d DLC
|
| 082 |
0 |
0 |
|a 344/.04232
|2 19
|
| 110 |
2 |
|
|a World Health Organization.
|
| 245 |
1 |
0 |
|a International code of marketing of breast-milk substitutes.
|
| 260 |
|
|
|a Geneva :
|b World Health Organization ;
|a Albany, N.Y. :
|b Obtainable from WHO Publications Centre,
|c 1981.
|
| 300 |
|
|
|a 36 p. ;
|c 21 cm.
|
| 504 |
|
|
|a Includes bibliographical references.
|
| 541 |
1 |
|
|e 00001136
|
| 650 |
|
0 |
|a Infant formulas
|x Law and legislation.
|
| 852 |
4 |
|
|a Ayesha Abed Library
|j General Shelf.
|
| 999 |
|
|
|c 1460
|d 1460
|
| 952 |
|
|
|0 0
|1 0
|2 ddc
|4 0
|6 344_042320000000000_INT
|7 0
|9 1339
|a BRACUL
|b BRACUL
|c GEN
|d 2009-06-28
|g 0.00
|l 0
|o 344.04232 INT
|p 3010001136
|r 2009-06-28
|t 1
|w 2009-06-28
|y BK
|x No price found in the accession register.
|